Cities that have been the United States Capital - Statistics

General Stats
  • This quiz has been taken 110 times
  • The average score is 11 of 14
Answer Stats
Date State Answer % Correct
9/5/1774-10/24/1774 Pennsylvania Philadelphia
99%
5/10/1775-12/12/1776 Pennsylvania Philadelphia
99%
3/4/1777-9/18/1777 Pennsylvania Philadelphia
99%
7/2/1778-6/21/1783 Pennsylvania Philadelphia
99%
12/6/1790-5/14/1800 Pennsylvania Philadelphia
99%
11/17/1800-Present None Washington DC
99%
1/11/1785- Autumn 1788 New York New York City
97%
3/4/1789-8/12/1790 New York New York City
97%
12/20/1776-2/27/1777 Maryland Baltimore
89%
11/1/1784-12/24/1784 New Jersey Trenton
81%
11/26/1783-8/19/1784 Maryland Annapolis
68%
9/30/1777-6/27/1778 Pennsylvania York
35%
9/27/1777 Pennsylvania Lancaster
34%
6/30/1783-11/4/1783 New Jersey Princeton
27%
No matching quizzes found
Score Distribution
Percent of People with Each Score
Percentile by Number Answered
Your Score History
You have not taken this quiz